| 000 | 00494nam a2200193Ia 4500 | ||
|---|---|---|---|
| 003 | OSt | ||
| 005 | 20260213153249.0 | ||
| 008 | 210210b1937 xxu||||| |||| 00| 0 eng d | ||
| 040 | _cAL | ||
| 041 | _aKannada | ||
| 082 | _a851/413 | ||
| 100 |
_aVINAYAKA _dವಿನಾಯಕ _9254787 |
||
| 245 |
_aPayana _bಪಯಣ |
||
| 260 |
_aDharavada _bManohara Grantha Prakashana Samiti _c1937 |
||
| 650 |
_aPayana _9254788 |
||
| 690 |
_aKannada Poetry _9254789 |
||
| 906 | _a018430 | ||
| 942 |
_2ddc _cBK |
||
| 999 |
_c141880 _d141880 |
||